000 00699nas a2200253 4500
001 BR2013010154
003 BR-BrBNA
005 20231205123450.0
007 ta
008 230509b bl.|||p| |||| 00| 00por d
040 _aBR-BrBNA
_bpor
_cBiblioteca Nacional de Agricultura
041 _a(Pt)
072 _aL73
100 1 _aCosta, B.
245 1 _aLeucose: erradicar ou conviver sob controle
650 _aGADO LEITEIRO
650 _aDOENÇA ANIMAL
650 _aLEUCOSE
650 _aINFECÇÃO CONTAGIOSA
650 _aVÍRUS
773 0 _tBalde Branco (Brazil)
_x
_g(Sep 2003), v. 39(467) p. 48-50
_wBR2013010154
909 _a202311
_bLúcia
_c55
_dLúcia Elande
942 _2AGRIS
_n0
_cANA
999 _c234029
_d234029